000
00303nam a22001457a 4500
008
210514b ||||| |||| 00| 0 eng d
020
_a
9780495601425
041
_a
eng
080
_a
316
082
_a
316
100
_a
50
101
_a
SOC
245
_a
SOCIOLOGY
_c
Chris Caldeira
942
_2
udc
_c
BK
999
_c
57358
_d
57358